000 00469nam a2200205Ia 4500
003 0100
008 130303s9999 xx 000 0 und d
020 _a0521096669
040 _cARRUPELIB
050 _aB288.G86 1971
100 _aGuthrie, W. K. C
245 4 _aThe Sophists
260 _aCambridge
260 _bCambridge University Press
260 _C1971
300 _aix
300 _b 345p. 23cm.
650 _bRelativity Postmodernism
942 0 0 _05
999 _c13322
_d13322